<?xml version="1.0" encoding="UTF-8"?>
<record
    xmlns:xsi="http://www.w3.org/2001/XMLSchema-instance"
    xsi:schemaLocation="http://www.loc.gov/MARC21/slim http://www.loc.gov/standards/marcxml/schema/MARC21slim.xsd"
    xmlns="http://www.loc.gov/MARC21/slim">

  <leader>01240nam a22003857u 4500</leader>
  <controlfield tag="001">57</controlfield>
  <controlfield tag="003">gttocutb</controlfield>
  <controlfield tag="005">20250506182915.0</controlfield>
  <controlfield tag="007">ta</controlfield>
  <controlfield tag="008">250501b        ag ||||| |||| 00| 0 spa u</controlfield>
  <datafield tag="020" ind1=" " ind2=" ">
    <subfield code="a">9501407071</subfield>
  </datafield>
  <datafield tag="040" ind1=" " ind2=" ">
    <subfield code="a">gttocutb</subfield>
    <subfield code="b">spa</subfield>
    <subfield code="c">gttocutb</subfield>
    <subfield code="d">gttocutb</subfield>
    <subfield code="e">rda</subfield>
  </datafield>
  <datafield tag="082" ind1="0" ind2="4">
    <subfield code="2">344.046 PIG</subfield>
  </datafield>
  <datafield tag="100" ind1="1" ind2=" ">
    <subfield code="a">Pigretti, Eduardo A. </subfield>
    <subfield code="e">autor</subfield>
  </datafield>
  <datafield tag="245" ind1="1" ind2=" ">
    <subfield code="a">Derecho ambiental /</subfield>
    <subfield code="c">Eduardo A. Pigretti</subfield>
    <subfield code="h">autor </subfield>
  </datafield>
  <datafield tag="260" ind1=" " ind2=" ">
    <subfield code="a">Buenos Aire, Argentina</subfield>
    <subfield code="c">1997</subfield>
  </datafield>
  <datafield tag="300" ind1="1" ind2=" ">
    <subfield code="a">285 p&#xE1;ginas</subfield>
  </datafield>
  <datafield tag="505" ind1="0" ind2=" ">
    <subfield code="t">Derecho ambiental</subfield>
  </datafield>
  <datafield tag="505" ind1=" " ind2=" ">
    <subfield code="g">&#xCD;ndice</subfield>
  </datafield>
  <datafield tag="505" ind1=" " ind2=" ">
    <subfield code="g">1. </subfield>
    <subfield code="t">Conceptos generales sobre recursos naturales y ambiente --</subfield>
  </datafield>
  <datafield tag="505" ind1=" " ind2=" ">
    <subfield code="g">2. </subfield>
    <subfield code="t">La protecci&#xF3;n jur&#xED;dica del ambiente natural --</subfield>
  </datafield>
  <datafield tag="505" ind1=" " ind2=" ">
    <subfield code="g">3. </subfield>
    <subfield code="t">Derecho y cambio global --</subfield>
  </datafield>
  <datafield tag="505" ind1=" " ind2=" ">
    <subfield code="g">4. </subfield>
    <subfield code="t">R&#xE9;gimen forestal --</subfield>
  </datafield>
  <datafield tag="505" ind1=" " ind2=" ">
    <subfield code="g">5. </subfield>
    <subfield code="t">R&#xE9;gimen del agua --</subfield>
  </datafield>
  <datafield tag="505" ind1=" " ind2=" ">
    <subfield code="g">6. </subfield>
    <subfield code="t">El espacio a&#xE9;reo y exterior --</subfield>
  </datafield>
  <datafield tag="505" ind1=" " ind2=" ">
    <subfield code="g">7. </subfield>
    <subfield code="t">Polic&#xED;a sanitaria rural --</subfield>
  </datafield>
  <datafield tag="505" ind1=" " ind2=" ">
    <subfield code="g">8.</subfield>
    <subfield code="t">Protecci&#xF3;n de la fauna --</subfield>
  </datafield>
  <datafield tag="505" ind1=" " ind2=" ">
    <subfield code="g">9.</subfield>
    <subfield code="t">Residuos t&#xF3;xicos y peligrosos --</subfield>
  </datafield>
  <datafield tag="505" ind1=" " ind2=" ">
    <subfield code="g">10. </subfield>
    <subfield code="t">Conversi&#xF3;n de deuda externa por natural.</subfield>
  </datafield>
  <datafield tag="600" ind1=" " ind2=" ">
    <subfield code="2">LEMB</subfield>
  </datafield>
  <datafield tag="650" ind1="1" ind2="4">
    <subfield code="2">LEMB</subfield>
    <subfield code="a">Derecho</subfield>
  </datafield>
  <datafield tag="650" ind1=" " ind2=" ">
    <subfield code="a">Derecho ambiental</subfield>
  </datafield>
  <datafield tag="700" ind1=" " ind2=" ">
    <subfield code="a">Eduardo A. Pigretti</subfield>
    <subfield code="e">autor</subfield>
  </datafield>
  <datafield tag="942" ind1=" " ind2=" ">
    <subfield code="2">ddc</subfield>
    <subfield code="c">BK</subfield>
    <subfield code="n">0</subfield>
  </datafield>
  <datafield tag="999" ind1=" " ind2=" ">
    <subfield code="c">578</subfield>
    <subfield code="d">578</subfield>
  </datafield>
  <datafield tag="952" ind1=" " ind2=" ">
    <subfield code="0">0</subfield>
    <subfield code="1">0</subfield>
    <subfield code="2">ddc</subfield>
    <subfield code="4">0</subfield>
    <subfield code="7">0</subfield>
    <subfield code="8">gn</subfield>
    <subfield code="a">BICUNTOTO</subfield>
    <subfield code="b">BICUNTOTO</subfield>
    <subfield code="d">2015-05-01</subfield>
    <subfield code="e">donaci&#xF3;n (fotocopia)</subfield>
    <subfield code="f">391</subfield>
    <subfield code="i">D391</subfield>
    <subfield code="l">0</subfield>
    <subfield code="o">344.046 P633</subfield>
    <subfield code="r">2025-05-01 16:54:02</subfield>
    <subfield code="w">2025-05-01</subfield>
    <subfield code="y">BK</subfield>
  </datafield>
</record>
